Előadások

Elmentve itt :
Bibliográfiai részletek
Dokumentumtípus: Cikk
Megjelent: 1928
Sorozat:Polgári jog : a hazai és külföldi magánjog és hiteljog szemléje 4 No. 4
Kulcsszavak:Jogélet Magyarország 1928, Egyesület nonprofit Budapest hírek
Online Access:http://misc.bibl.u-szeged.hu/4822
LEADER 00575nab a2200157 i 4500
001 misc4822
005 20191106142832.0
008 170607s1928 hu o 0|| hun d
040 |a SZTE Miscellanea Repozitórium  |b hun 
041 |a hun 
245 0 0 |a Előadások  |h [elektronikus dokumentum] 
260 |c 1928 
300 |a 85a 
490 0 |a Polgári jog : a hazai és külföldi magánjog és hiteljog szemléje  |v 4 No. 4 
695 |a Jogélet Magyarország 1928, Egyesület nonprofit Budapest hírek 
856 4 0 |u http://misc.bibl.u-szeged.hu/4822/1/polgari_jog_1928_085a.pdf  |z Dokumentum-elérés